Philip's world atlas. / (Record no. 15975)
[ view plain ]
| 000 -LEADER | |
|---|---|
| fixed length control field | 02035nam a2200205 a 4500 |
| 001 - CONTROL NUMBER | |
| control field | ASIN1849071225 |
| 005 - DATE AND TIME OF LATEST TRANSACTION | |
| control field | 20170105102929.0 |
| 008 - FIXED-LENGTH DATA ELEMENTS--GENERAL INFORMATION | |
| fixed length control field | 131218s2010 xxu eng d |
| 020 ## - INTERNATIONAL STANDARD BOOK NUMBER | |
| International Standard Book Number | 1849071225 (hardcover) |
| Terms of availability | $161.75 |
| 020 ## - INTERNATIONAL STANDARD BOOK NUMBER | |
| International Standard Book Number | 9781849071222 (hardcover) |
| 040 ## - CATALOGING SOURCE | |
| Original cataloging agency | 0 |
| 082 ## - DEWEY DECIMAL CLASSIFICATION NUMBER | |
| Classification number | 912 |
| Author Mark | ATL 2010 |
| 100 1# - MAIN ENTRY--PERSONAL NAME | |
| Personal name | Philip's. |
| 245 10 - TITLE STATEMENT | |
| Title | Philip's world atlas. / |
| Statement of responsibility, etc. | Philip's. |
| 260 ## - PUBLICATION, DISTRIBUTION, ETC. | |
| Place of publication, distribution, etc. | [S.l.] : |
| Name of publisher, distributor, etc. | Octopus Publishing Group,, |
| Date of publication, distribution, etc. | 2010. |
| 300 ## - PHYSICAL DESCRIPTION | |
| Extent | 448 p. ; |
| Dimensions | 39 cm. |
| 520 ## - SUMMARY, ETC. | |
| Summary, etc. | The 193 pages of detailed physical and political maps in Philip's Atlas of the World have been fully revised and updated. Praised by the Daily Mail as 'clearer than The Times', the unique combination of relief colouring and hill-shading gives an exceptional portrayal of landforms.This new edition features the informative 'World Geography' section, packed with maps, diagrams and text explaining key world themes such as climate change, geology, trade, agriculture, industry and population.Also included are urban-area and city-centre maps for 69 of the world's largest and most economically important cities, including all major capitals - this edition features enlarged city-centre maps of Beijing (Olympic City 2008), Amsterdam, Bangkok and Moscow, with locator maps to indicate each city's position in its global context. In addition, the 'Images of Earth' section shows spectacular satellite views of 17 major cities and regions across the globe. Illustrated with flags and locator maps, the 34-page A-Z 'Gazetteer of Nations' provides key facts and figures for every sovereign state.The 84,000-name index, including geographical features and historical place names as well as towns and cities, gives full latitude/longitude co-ordinates and letter-figure grid references. A 1,000-entry 'Geographical Glossary' explains the derivations of many unfamiliar place names - for example: wadi = dry watercourse; jebel = mountain. |
| 856 40 - ELECTRONIC LOCATION AND ACCESS | |
| Materials specified | Amazon.com |
| Uniform Resource Identifier | <a href="http://www.amazon.com/exec/obidos/ASIN/1849071225/chopaconline-20">http://www.amazon.com/exec/obidos/ASIN/1849071225/chopaconline-20</a> |
| 942 ## - ADDED ENTRY ELEMENTS (KOHA) | |
| Source of classification or shelving scheme | |
| Koha item type | Book |
| Withdrawn status | Lost status | Damaged status | Not for loan | Collection code | Permanent Location | Current Location | Shelving location | Date acquired | Total Checkouts | Full call number | Barcode | Date last seen | Price effective from | Koha item type |
|---|---|---|---|---|---|---|---|---|---|---|---|---|---|---|
| Centre for International Peace & Stability (CIPS) | Centre for International Peace & Stability (CIPS) | Reference | 10/02/2013 | 912 ATL 2010 | CIPS0001936 | 12/19/2013 | 12/19/2013 | Reference |
